| 000 | 00418 a2200145 4500 | ||
|---|---|---|---|
| 082 | _a004 | ||
| 090 |
_c1335 _d1335 |
||
| 100 | _aMuhammad Yousaf Samdani | ||
| 245 |
_aComputer Science: XII _cMuhammad Yousaf Samdani |
||
| 260 |
_aLahore : _bPunjab Text Book Board , _c1998. |
||
| 300 |
_av, 251 p. : _bill. ; _c23cm. |
||
| 500 | _aIncludes Index | ||
| 650 | _aComputer Science -- Study and Teaching | ||
| 942 |
_cBK _k004 SAM |
||
| 999 |
_c5290 _d5290 |
||